000 00437nam a22001577a 4500
003 CEME
005 20210628202824.0
008 210204b xxu||||| |||| 00| 0 eng d
040 _c.
082 _a297 SEY
100 _aFaiez H.Seyal Seyal, Faiez.H
_961801
245 _aNey zindgey,sal kay her din kay leyay 365 rehnuma asool
260 _bAN ACE BOOK
650 _aNEW ZINDGEY.BORN AGAIN URDU TRANSLATION
_961802
942 _cBK
_2ddc
999 _c571127
_d571127